[Event "Bochum- Bünde"]
[Site "?"]
[Date "2022.10.16"]
[Round "3.1"]
[White "Brunke, Pascal"]
[Black "Friedmann, Rafael"]
[Result "1/2-1/2"]
[WhiteElo "2085"]
[BlackElo "2429"]
[Annotator "daniel"]
[PlyCount "63"]
[SourceVersionDate "2023.06.22"]

1. e4 e5 2. Nf3 d6 3. d4 exd4 4. Nxd4 Nf6 5. Nc3 Be7 6. g3 Nc6 7. Nxc6 bxc6 8.
Bg2 Nd7 9. O-O O-O 10. b3 Bf6 11. Bb2 Nb6 12. Re1 Rb8 13. Qc1 Bb7 14. Ne2 c5
15. Bxf6 Qxf6 16. Qa3 a6 17. e5 Qxe5 18. Bxb7 Rxb7 19. Qxa6 Rbb8 20. Qa5 Ra8
21. Qc3 Rfe8 22. Qxe5 Rxe5 23. Nc3 Rxe1+ 24. Rxe1 Kf8 $11 25. a4 d5 26. Kf1 c6
27. Ra1 Ke7 28. Ke2 Kd6 29. Kd2 Nd7 30. f4 Nf6 31. Re1 h5 32. h3 1/2-1/2

[Event "Bochum- Bünde"]
[Site "?"]
[Date "2022.10.16"]
[Round "3.2"]
[White "Illner, Achim"]
[Black "Kettler, Ilja Jonas"]
[Result "1-0"]
[WhiteElo "2456"]
[BlackElo "2120"]
[PlyCount "113"]
[SourceVersionDate "2023.06.22"]

1. d4 Nf6 2. Nf3 d5 3. c4 e6 4. Nc3 Bb4 5. Qb3 c5 6. dxc5 Nc6 7. Bg5 Qa5 8.
Bxf6 dxc4 9. Qxc4 gxf6 10. Rc1 Qxc5 11. Qxc5 Bxc5 12. g3 Bd7 13. Bg2 Bf8 14.
O-O Bh6 15. e3 Ke7 16. Ne4 b6 17. Rfd1 Rac8 18. Nxf6 Kxf6 19. Rxd7 Ne5 20. Rxc8
Rxc8 21. Nxe5 Rc1+ 22. Bf1 Kxe5 23. Rxf7 Rc2 24. Rxa7 Rxb2 25. Rxh7 Bf8 26.
Rh5+ Ke4 27. Rh4+ Ke5 28. Bc4 Bb4 29. Rh5+ Ke4 30. Bxe6 Kf3 31. Rf5+ Ke2 32.
Rb5 Kf3 33. Bd5+ Ke2 34. Rxb6 Ke1 35. h4 Ke2 36. h5 Ke1 37. a4 Ke2 38. h6 Ke1
39. h7 Ke2 40. g4 Ke1 41. g5 Ke2 42. g6 Ke1 43. g7 Ke2 44. a5 Ke1 45. a6 Ke2
46. a7 Ke1 47. Rxb4 Ke2 48. Rxb2+ Ke1 49. g8=Q Kd1 50. h8=Q Ke1 51. a8=Q Kd1
52. f4 Ke1 53. f5 Kd1 54. f6 Ke1 55. f7 Kd1 56. f8=Q Ke1 57. Qa1# 1-0

[Event "Bochum- Bünde"]
[Site "?"]
[Date "2022.10.16"]
[Round "3.3"]
[White "Brunke, Christian"]
[Black "Heinbuch, Detlef"]
[Result "1/2-1/2"]
[WhiteElo "2184"]
[BlackElo "2253"]
[PlyCount "69"]
[SourceVersionDate "2023.06.22"]

1. e4 c5 2. c3 g6 3. d4 cxd4 4. cxd4 d5 5. e5 Nc6 6. Bb5 Bd7 7. Nc3 e6 8. Bxc6
Bxc6 9. Nf3 Bg7 10. O-O Ne7 11. Bg5 h6 12. Bd2 O-O 13. a4 Kh7 14. b4 Bd7 15.
Qb3 Nc8 16. a5 a6 17. b5 axb5 18. Nxb5 Ra6 19. Rfc1 Bc6 20. Qd3 Qd7 21. Nc3 Ne7
22. Na2 Bb5 23. Qe3 Rfa8 24. Qe1 Bc4 25. Nb4 R6a7 26. Nc2 Nc6 27. Ne3 Bb5 28.
Ng4 Qd8 29. Qe3 h5 30. Nh6 f6 31. exf6 Qxf6 32. Ng5+ Kh8 33. Ngf7+ Kh7 34. Ng5+
Kh8 35. Ngf7+ 1/2-1/2

[Event "Bochum- Bünde"]
[Site "?"]
[Date "2022.10.16"]
[Round "3.4"]
[White "Zatonskih, Vitaly"]
[Black "Moradi Kahlou, Benjamin"]
[Result "1-0"]
[WhiteElo "2243"]
[BlackElo "2052"]
[PlyCount "165"]
[SourceVersionDate "2023.06.22"]

1. e4 c6 2. d4 d5 3. Nc3 dxe4 4. Nxe4 Nf6 5. Nxf6+ exf6 6. Bc4 Bd6 7. Qe2+ Qe7
8. Qxe7+ Kxe7 9. Ne2 Bf5 10. c3 Nd7 11. Bf4 Bxf4 12. Nxf4 Nb6 13. Bd3 Bxd3 14.
Nxd3 Rhe8 15. Kd2 Nc4+ 16. Kc2 b6 17. Rhe1+ Kd7 18. Rxe8 Rxe8 19. Re1 Re6 20.
b3 Nd6 21. g3 Nf5 22. Kd2 g5 23. a4 a5 24. f3 h6 25. Re2 Kc7 26. Nf2 Kd7 27.
Kd3 Ke7 28. Ne4 Ng7 29. Nd2 Kd7 30. Nc4 Kc7 31. Ne3 Rd6 32. Ng4 Nf5 33. Ne3
Nxe3 34. Rxe3 Re6 35. g4 Kd6 36. Re4 Kd5 37. c4+ Kd6 38. Ke3 f5 39. gxf5 Rf6
40. Re5 h5 41. c5+ bxc5 42. Rxc5 g4 43. Rxa5 Rh6 44. Rc5 Rh8 45. Kf4 gxf3 46.
Kxf3 Rb8 47. Rc3 Kd5 48. Kf4 f6 49. a5 Rb4 50. Ke3 Kd6 51. Ke4 Rb5 52. Rh3 Rxa5
53. Rxh5 Ra1 54. Rh3 Re1+ 55. Re3 Rf1 56. h3 Rf2 57. Rc3 Rf1 58. Rf3 Re1+ 59.
Kf4 Rd1 60. Ke3 Kd5 61. Ke2 Rh1 62. Kf2 Kxd4 63. Kg2 Rd1 64. h4 Ke4 65. h5 Rd8
66. h6 Rd7 67. Rh3 Rh7 68. Rh5 Kd3 69. b4 Kc4 70. Rh4+ Kb5 71. Kf3 Rh8 72. h7
c5 73. bxc5 Kxc5 74. Rh6 Kd5 75. Kf4 Kd4 76. Rxf6 Rxh7 77. Rd6+ Kc5 78. Rd2
Rh4+ 79. Kg5 Rh1 80. f6 Rg1+ 81. Kh6 Rh1+ 82. Kg7 Rg1+ 83. Kf8 1-0

[Event "Bochum- Bünde"]
[Site "?"]
[Date "2022.10.16"]
[Round "3.5"]
[White "Altenbernd, Jannis"]
[Black "Kiese, Matthias"]
[Result "1/2-1/2"]
[WhiteElo "2014"]
[BlackElo "2147"]
[PlyCount "71"]
[SourceVersionDate "2023.06.22"]

1. d4 d5 2. c4 e6 3. Nc3 Nf6 4. cxd5 exd5 5. Bg5 Be7 6. e3 c6 7. Bd3 Nbd7 8.
Nge2 O-O 9. O-O Re8 10. Bh4 Nh5 11. Bxe7 Qxe7 12. Qc2 Ndf6 13. Rab1 g6 14. b4
a6 15. Na4 Bg4 16. Qc5 Bxe2 17. Qxe7 Rxe7 18. Bxe2 Nf4 19. Bf3 Ne6 20. g3 Ng5
21. Bg2 Nge4 22. Nb6 Rae8 23. Bxe4 Nxe4 24. Rfc1 f5 25. a4 Nd6 26. b5 axb5 27.
axb5 Nxb5 28. Nxd5 Rf7 29. Nb4 Ra8 30. d5 cxd5 31. Nxd5 Nd6 32. Rb6 Ne4 33. Rc2
Ra5 34. Nc7 Rc5 35. Rxc5 Nxc5 36. Nd5 1/2-1/2

[Event "Bochum- Bünde"]
[Site "?"]
[Date "2022.10.16"]
[Round "3.6"]
[White "Pewny, Uwe"]
[Black "Hagemeier, Ulrich"]
[Result "1-0"]
[WhiteElo "2213"]
[BlackElo "2018"]
[PlyCount "81"]
[SourceVersionDate "2023.06.22"]

1. e4 c6 2. d4 d5 3. e5 Bf5 4. h4 h6 5. g4 Bd7 6. h5 e6 7. f4 c5 8. c3 Nc6 9.
Nf3 Qb6 10. Rh2 cxd4 11. cxd4 Bb4+ 12. Nc3 Nge7 13. Kf2 a6 14. Na4 Qc7 15. Kg3
b5 16. Nc3 f6 17. Rc2 O-O 18. Be3 Qd8 19. Bd3 Qe8 20. Nh4 Ba5 21. Rg2 f5 22.
Kh2 Rf7 23. Qf3 Bb6 24. Ne2 Rc8 25. Rag1 Nb4 26. Bb1 Nc2 27. Bf2 Rc4 28. b3
Nxd4 29. Nxd4 Rxd4 30. Bxd4 Bxd4 31. Rd1 Bb6 32. gxf5 exf5 33. Ng6 Be6 34. Rc1
Qd7 35. Nxe7+ Rxe7 36. Bd3 d4 37. Rg6 Bd5 38. Qh3 Be6 39. Qg2 Bd5 40. Qc2 Ba5
41. Qc8+ 1-0

[Event "Elberfeld- Porz 2"]
[Site "?"]
[Date "2022.10.16"]
[Round "3.1"]
[White "Pauly, Carlo"]
[Black "Odendahl, Reiner"]
[Result "1/2-1/2"]
[WhiteElo "2305"]
[BlackElo "2316"]
[Annotator "daniel"]
[PlyCount "65"]
[SourceVersionDate "2023.06.22"]

1. d4 e6 2. c4 c5 3. Nf3 cxd4 4. Nxd4 a6 5. g3 Qc7 6. b3 b6 7. Bg2 Bb7 8. O-O
Bxg2 9. Kxg2 Qb7+ 10. f3 Nf6 11. e4 Nc6 12. Bb2 Be7 13. Nc3 O-O 14. Nxc6 dxc6
15. Qe2 Rfd8 16. Rad1 b5 17. Bc1 e5 18. Be3 h6 19. g4 Nh7 20. Rxd8+ Rxd8 21.
cxb5 axb5 22. Rd1 Rxd1 $11 23. Qxd1 Ng5 24. Bxg5 Bxg5 25. Qd3 Qa7 26. a4 bxa4
27. bxa4 Bh4 28. Qd2 Qa5 29. Qb2 Be1 30. Nd1 Qxa4 31. Qb8+ Kh7 32. Qxe5 Qxd1
33. Qf5+ 1/2-1/2

[Event "Elberfeld- Porz 2"]
[Site "?"]
[Date "2022.10.16"]
[Round "3.2"]
[White "Volkov, Mykyta"]
[Black "Marcziter, Dmitrii"]
[Result "1-0"]
[WhiteElo "2243"]
[BlackElo "2256"]
[Annotator "daniel"]
[PlyCount "81"]
[SourceVersionDate "2023.06.22"]

1. d4 d5 2. c4 e6 3. Nc3 c5 4. e3 Nf6 5. Nf3 Nc6 6. cxd5 exd5 7. Bb5 a6 8.
Bxc6+ bxc6 9. O-O Bd6 10. dxc5 Bxc5 11. b3 O-O 12. Bb2 Bg4 13. Rc1 Bd6 14. Ne2
Bxf3 15. gxf3 c5 16. f4 Be7 $11 17. Bxf6 gxf6 18. Ng3 Qd7 19. Qh5 Kh8 20. Kh1
Qe6 21. Rg1 d4 22. Nf5 Rg8 23. Rg3 Rxg3 24. hxg3 Qd5+ 25. Kh2 dxe3 26. Qg4 Bf8
27. Nxe3 Qd2 28. Rc2 Qd3 29. Rc4 Qg6 30. Qd7 Qh5+ 31. Kg2 Rb8 32. Re4 Kg8 33.
Nd5 Kg7 34. f5 Qd1 35. Qc6 Qa1 36. Rg4+ Kh8 37. Nxf6 Bg7 38. Nh5 Bd4 39. Qc7
Re8 40. Qxf7 Qe1 41. Rxd4 1-0

[Event "Elberfeld- Porz 2"]
[Site "?"]
[Date "2022.10.16"]
[Round "3.3"]
[White "Gallasch, Jonas"]
[Black "Dresen, Urich"]
[Result "1-0"]
[WhiteElo "2275"]
[BlackElo "2174"]
[Annotator "daniel"]
[PlyCount "65"]
[SourceVersionDate "2023.06.22"]

1. d4 Nf6 2. c4 e6 3. Nf3 b6 4. g3 Ba6 5. Nbd2 Bb7 6. Bg2 Be7 7. O-O O-O 8. Qc2
d5 9. Ne5 c5 10. dxc5 bxc5 11. b3 Nbd7 12. Bb2 Nxe5 13. Bxe5 Qb6 14. cxd5 exd5
15. Rac1 Rad8 16. Bb2 Rfe8 17. e3 Qe6 18. Rfd1 h6 19. Bxf6 Qxf6 20. Nb1 Qe6 21.
Nc3 Ba8 22. Na4 Rc8 23. Qd2 Red8 24. Qa5 c4 25. Qxa7 Ba3 26. Rb1 c3 27. Nxc3
Bc5 28. Qa5 Bxe3 29. Nxd5 Bxd5 30. Rxd5 Bxf2+ 31. Kh1 Bb6 32. Qd2 Qg4 33. Rf1 {
ZÜ} 1-0

[Event "Elberfeld- Porz 2"]
[Site "?"]
[Date "2022.10.16"]
[Round "3.4"]
[White "Hintze, Helge"]
[Black "Sabirov, Ramil"]
[Result "1-0"]
[WhiteElo "2239"]
[BlackElo "2112"]
[PlyCount "83"]
[SourceVersionDate "2023.06.22"]

1. c4 c5 2. g3 g6 3. Bg2 Bg7 4. Nf3 Nc6 5. Nc3 Nf6 6. d4 cxd4 7. Nxd4 Nxd4 8.
Qxd4 O-O 9. O-O d6 10. Qd3 Bf5 11. e4 Be6 12. b3 a6 13. Bd2 Rb8 14. Rac1 Qe8
15. Rfe1 Nd7 16. Nd5 Bxd5 17. exd5 Qd8 18. Bg5 Re8 19. Qd2 a5 20. Re2 Ra8 21.
Rce1 Be5 22. Bh3 Kg7 23. Bxd7 Qxd7 24. f4 Bf6 25. Bxf6+ exf6 26. Rxe8 Rxe8 27.
Qxa5 Rxe1+ 28. Qxe1 Qf5 29. Qd2 Qb1+ 30. Kf2 Qh1 31. Ke3 h5 32. Kd3 Qg1 33. b4
Kh6 34. Kc2 b6 35. Kb3 g5 36. Ka4 Kg6 37. fxg5 fxg5 38. Kb5 h4 39. gxh4 gxh4
40. Qf4 f5 41. Qxd6+ Kg5 42. Qe7+ 1-0

[Event "Elberfeld- Porz 2"]
[Site "?"]
[Date "2022.10.16"]
[Round "3.5"]
[White "Gluma, Christian"]
[Black "Kurr, Gerd"]
[Result "0-1"]
[WhiteElo "2067"]
[BlackElo "2218"]
[PlyCount "62"]
[SourceVersionDate "2023.06.22"]

1. e4 c6 2. d4 d5 3. e5 Bf5 4. h4 h5 5. Bd3 Bxd3 6. Qxd3 e6 7. Bg5 Qb6 8. Nd2
Ne7 9. Ne2 Nd7 10. O-O c5 11. c4 Qa6 12. Qf3 cxd4 13. Bxe7 Bxe7 14. cxd5 Nxe5
15. Qe4 Bf6 16. dxe6 Qxe6 17. Nf4 Qc6 18. Nd5 Rd8 19. Nxf6+ gxf6 20. Qf4 Ng6
21. Rfe1+ Kf8 22. Qg3 Kg7 23. Rac1 Rhe8 24. Red1 Qa4 25. Nb3 Re5 26. Rc7 d3 27.
Qf3 d2 28. g3 Re1+ 29. Kh2 Ne5 30. Qxh5 Qe4 31. f3 Qe2+ 0-1

[Event "Elberfeld- Porz 2"]
[Site "?"]
[Date "2022.10.16"]
[Round "3.6"]
[White "Noetzel, Frank"]
[Black "Kagan, Dennis"]
[Result "1/2-1/2"]
[WhiteElo "2238"]
[BlackElo "2026"]
[PlyCount "60"]
[SourceVersionDate "2023.06.22"]

1. f4 d5 2. d3 c5 3. Nf3 Nc6 4. g3 g6 5. Bg2 Bg7 6. O-O Nf6 7. Nc3 d4 8. Ne4
Nxe4 9. dxe4 e5 10. e3 O-O 11. exd4 cxd4 12. f5 f6 13. g4 g5 14. h4 h6 15. Qe2
Qc7 16. Rd1 Rb8 17. c3 dxc3 18. Qc4+ Rf7 19. Qxc3 b5 20. Be3 Bb7 21. hxg5 hxg5
22. Qe1 Bf8 23. Kh2 Rh7+ 24. Kg1 Rd8 25. Rxd8 Qxd8 26. Rd1 Rd7 27. Rxd7 Qxd7
28. Qc3 Qd1+ 29. Kf2 Bb4 30. Qc1 Qxc1 1/2-1/2

[Event "Elberfeld- Porz 2"]
[Site "?"]
[Date "2022.10.16"]
[Round "3.7"]
[White "Gallasch, Robin"]
[Black "Werbeck, Torsten"]
[Result "0-1"]
[WhiteElo "2044"]
[BlackElo "2011"]
[PlyCount "102"]
[SourceVersionDate "2023.06.22"]

1. Nf3 Nf6 2. g3 g6 3. Bg2 Bg7 4. O-O c5 5. c4 O-O 6. Nc3 Nc6 7. d4 cxd4 8.
Nxd4 Nxd4 9. Qxd4 d6 10. Qd2 Rb8 11. b3 a6 12. Bb2 Qa5 13. e4 b5 14. cxb5 axb5
15. Rfe1 Bb7 16. Qe2 b4 17. Nd5 Nxd5 18. Bxg7 Nf4 19. gxf4 Kxg7 20. Qb2+ Kg8
21. Re3 Rbc8 22. f5 Rc7 23. fxg6 hxg6 24. Rc1 Rxc1+ 25. Qxc1 Qxa2 26. Bh3 Ra8
27. Kg2 Qa5 28. Qc4 d5 29. Qd4 dxe4 30. Qd7 Qb6 31. Qxe7 Ra2 32. Be6 Qxe6 33.
Qxb7 Qf5 34. Qb8+ Kg7 35. Qg3 Rd2 36. h4 Rc2 37. Kg1 Rc1+ 38. Kg2 Rd1 39. Qb8
Rd2 40. Qg3 Rd3 41. Rxd3 exd3 42. Qd6 Qe4+ 43. Kh2 Qxh4+ 44. Kg2 Qg4+ 45. Kh2
Qe4 46. Kg3 g5 47. Qd8 Qf4+ 48. Kg2 d2 49. f3 g4 50. fxg4 Qxg4+ 51. Kh2 Qh5+
0-1

[Event "Elberfeld- Porz 2"]
[Site "?"]
[Date "2022.10.16"]
[Round "3.8"]
[White "Saoudi, Lahcen"]
[Black "Sabirov, Rafael"]
[Result "1/2-1/2"]
[WhiteElo "2086"]
[BlackElo "1963"]
[Annotator "daniel"]
[PlyCount "57"]
[SourceVersionDate "2023.06.22"]

1. d4 Nf6 2. Bg5 c5 3. dxc5 e6 4. Nd2 Bxc5 5. e3 d5 6. Ngf3 a6 7. Bd3 Nc6 8. c3
h6 9. Bh4 Bd6 10. Bg3 O-O 11. Nd4 Bxg3 12. hxg3 e5 13. Nxc6 bxc6 14. O-O Qb6
15. Qb3 Qa7 16. c4 d4 17. exd4 exd4 18. Qa3 a5 19. Rae1 $11 Be6 20. Nb3 Nd7 21.
Qd6 c5 22. f4 Bg4 23. Re7 Rad8 24. f5 a4 25. Qf4 Qb8 26. Rxd7 Qxf4 27. Rxf4
axb3 28. Rxd8 Rxd8 29. axb3 1/2-1/2

[Event "Langenfeld- Sodingen"]
[Site "?"]
[Date "2022.10.16"]
[Round "3.1"]
[White "Boehnke, Martin"]
[Black "Kurth, Justus"]
[Result "1/2-1/2"]
[WhiteElo "2196"]
[BlackElo "2260"]
[PlyCount "88"]
[SourceVersionDate "2023.06.22"]

1. d4 d5 2. c4 c6 3. Nf3 Nf6 4. e3 Bg4 5. Qb3 Qb6 6. Nc3 e6 7. Nh4 Bh5 8. h3
Be7 9. g4 Bg6 10. Nxg6 hxg6 11. Bg2 g5 12. Bd2 Nbd7 13. O-O-O Qxb3 14. axb3
O-O-O 15. Kc2 Nf8 16. Bf3 Ng6 17. Bc1 Rh6 18. Bg2 Nh4 19. Bf1 Ne4 20. Nxe4 dxe4
21. Be2 Rf6 22. Rdf1 Nf3 23. Bd2 c5 24. Bxf3 Rxf3 25. dxc5 Bxc5 26. h4 gxh4 27.
Rxh4 f5 28. gxf5 exf5 29. Rhh1 f4 30. exf4 Bxf2 31. Rh2 Bg3 32. Rhh1 Rdd3 33.
Rhg1 Kd7 34. f5 Ke7 35. Bc3 Kf7 36. b4 a6 37. c5 Rxf1 38. Rxf1 Rf3 39. Rg1 Rd3
40. Rg2 Rf3 41. Kd1 Rf1+ 42. Ke2 Rf3 43. Kd1 Rf1+ 44. Ke2 Rf3 1/2-1/2

[Event "Langenfeld- Sodingen"]
[Site "?"]
[Date "2022.10.16"]
[Round "3.2"]
[White "Vogelmann, Peter"]
[Black "Waldschmidt, Georg"]
[Result "0-1"]
[WhiteElo "2170"]
[BlackElo "2178"]
[PlyCount "78"]
[SourceVersionDate "2023.06.22"]

1. e4 e5 2. Nf3 Nc6 3. Nc3 Nf6 4. d4 exd4 5. Nxd4 Bb4 6. Nxc6 bxc6 7. Bd3 d5 8.
exd5 cxd5 9. O-O O-O 10. Bg5 Be6 11. Qf3 h6 12. Bxf6 Qxf6 13. Qxf6 gxf6 14. Ne2
c5 15. c3 Ba5 16. Rfd1 Rab8 17. Rab1 Rfd8 18. h3 Rd6 19. b3 Bc7 20. Bc2 Ra6 21.
a4 Rab6 22. Rbc1 a5 23. f4 Rd8 24. Kf2 Bc8 25. Kf3 Re6 26. Bd3 Rde8 27. Kf2 Bb7
28. g3 Re3 29. Bb5 R8e7 30. Rc2 Bb6 31. c4 d4 32. Ng1 Rxb3 33. Re2 Rxe2+ 34.
Nxe2 Bc8 35. Ng1 Rb2+ 36. Kf3 Bb7+ 37. Kg4 Be4 38. f5 Rf2 39. Bd7 d3 0-1

[Event "Langenfeld- Sodingen"]
[Site "?"]
[Date "2022.10.16"]
[Round "3.3"]
[White "Werrn, Pascal"]
[Black "Reinemer, Frank"]
[Result "1/2-1/2"]
[WhiteElo "2090"]
[BlackElo "2117"]
[PlyCount "120"]
[SourceVersionDate "2023.06.22"]

1. d4 f5 2. Nf3 g6 3. g3 Nf6 4. Bg2 Bg7 5. O-O O-O 6. b3 d6 7. Bb2 c6 8. c4 h6
9. Qc2 Qe8 10. Nc3 e5 11. Ba3 e4 12. Nd2 e3 13. Nf3 exf2+ 14. Kh1 Qe7 15. Nd1
Re8 16. Nxf2 Qxe2 17. Qxe2 Rxe2 18. Bxd6 Bd7 19. Ne5 Be8 20. a4 Nbd7 21. Rae1
Rxe1 22. Rxe1 Nxe5 23. dxe5 Nd7 24. Nd3 Rd8 25. c5 g5 26. b4 Bg6 27. b5 f4 28.
Be4 Bxe4+ 29. Rxe4 fxg3 30. hxg3 Re8 31. Nb4 cxb5 32. axb5 Kf7 33. c6 bxc6 34.
bxc6 Nxe5 35. c7 Ke6 36. Bxe5 Bxe5 37. Nd3 Kd7 38. Nxe5+ Kxc7 39. Rc4+ Kb6 40.
Nd7+ Kb7 41. Kg2 Re7 42. Nf6 Re6 43. Nd5 a5 44. Ra4 Ra6 45. Kf3 Kc6 46. Nc3 Rb6
47. Ke3 Kc5 48. Kd3 Rd6+ 49. Ke4 Kb6 50. Kf5 Rd3 51. Ne4 Kb5 52. Ra1 a4 53. g4
Rf3+ 54. Kg6 Rf4 55. Nf6 Ka5 56. Rh1 a3 57. Rxh6 a2 58. Rh1 Ra4 59. Ra1 Kb4 60.
Ne4 Ra5 1/2-1/2

[Event "Langenfeld- Sodingen"]
[Site "?"]
[Date "2022.10.16"]
[Round "3.4"]
[White "Pejkovic, Patrick"]
[Black "Becker, Joerg"]
[Result "0-1"]
[WhiteElo "2096"]
[BlackElo "2196"]
[PlyCount "34"]
[SourceVersionDate "2023.06.22"]

1. Nf3 d5 2. e3 Nf6 3. c4 e6 4. Nc3 c5 5. d4 a6 6. Ne5 dxc4 7. Bxc4 b5 8. Be2
Bb7 9. Bf3 Qc7 10. O-O Bd6 11. Bxb7 Qxb7 12. Qf3 Ra7 13. b3 cxd4 14. exd4 Qxf3
15. Nxf3 O-O 16. Be3 Rc7 17. Rac1 Ba3 0-1

[Event "Langenfeld- Sodingen"]
[Site "?"]
[Date "2022.10.16"]
[Round "3.5"]
[White "Mueller, Frank"]
[Black "Vetter, Herbert"]
[Result "1/2-1/2"]
[WhiteElo "2009"]
[BlackElo "2185"]
[PlyCount "34"]
[SourceVersionDate "2023.06.22"]

1. e4 c5 2. Nc3 e6 3. Nge2 a6 4. g3 Qc7 5. Bg2 Nf6 6. O-O Be7 7. d4 cxd4 8.
Nxd4 O-O 9. Be3 Nc6 10. Nxc6 bxc6 11. Na4 Rb8 12. c4 d6 13. Rc1 c5 14. h3 Bb7
15. Nc3 Bc6 16. b3 Qb7 17. Qc2 Nd7 1/2-1/2

[Event "Langenfeld- Sodingen"]
[Site "?"]
[Date "2022.10.16"]
[Round "3.6"]
[White "Weisshaupt, Rainer"]
[Black "Hille, Ingo"]
[Result "0-1"]
[WhiteElo "2068"]
[BlackElo "2085"]
[PlyCount "46"]
[SourceVersionDate "2023.06.22"]

1. e4 g6 2. d4 d6 3. Nf3 Bg7 4. Nc3 Nd7 5. Be2 e6 6. O-O Ne7 7. Be3 a6 8. a4 b6
9. Qd2 h6 10. Ra3 Nf6 11. Ne1 Bb7 12. Bf3 d5 13. exd5 Nfxd5 14. Nxd5 Bxd5 15.
Be2 Nf5 16. c3 O-O 17. Nd3 Kh7 18. Nf4 Bb7 19. Bd3 Nxe3 20. Qxe3 Qg5 21. Qg3 e5
22. Qxg5 hxg5 23. Nh5 e4 0-1

[Event "Langenfeld- Sodingen"]
[Site "?"]
[Date "2022.10.16"]
[Round "3.7"]
[White "Foerster, Wolfgang"]
[Black "Wolfradt, Dirk"]
[Result "1-0"]
[WhiteElo "2017"]
[BlackElo "2107"]
[PlyCount "67"]
[SourceVersionDate "2023.06.22"]

1. e4 Nf6 2. Nc3 d5 3. exd5 Nxd5 4. g3 e5 5. Bg2 Be6 6. Nf3 Nc6 7. d3 Be7 8.
O-O Qd7 9. Re1 f6 10. d4 exd4 11. Nxd4 Bg4 12. Nxc6 Bxd1 13. Nxd5 O-O 14.
Ncxe7+ Kh8 15. Rxd1 c6 16. Nxc6 bxc6 17. Ne3 Qe6 18. b3 Rad8 19. Ba3 Rfe8 20.
c4 h6 21. Bb2 Qc8 22. c5 Rxd1+ 23. Rxd1 Qa6 24. a3 Qe2 25. Bxc6 Rc8 26. Bb7
Rxc5 27. Rd8+ Kh7 28. Bd4 Rb5 29. Bc6 Rh5 30. h4 Qe1+ 31. Kg2 Qa5 32. Rd7 Qa6
33. Bf3 Rb5 34. b4 1-0

[Event "Langenfeld- Sodingen"]
[Site "?"]
[Date "2022.10.16"]
[Round "3.8"]
[White "Keller, Karsten"]
[Black "Ribbeheger, Edgar"]
[Result "1-0"]
[WhiteElo "2219"]
[BlackElo "2027"]
[PlyCount "71"]
[SourceVersionDate "2023.06.22"]

1. Nf3 d5 2. d4 Nf6 3. c4 e6 4. Nc3 c6 5. Bg5 Be7 6. e3 h6 7. Bh4 Nbd7 8. Bd3
dxc4 9. Bxc4 Nd5 10. Bxe7 Qxe7 11. Rc1 O-O 12. O-O Nxc3 13. Rxc3 e5 14. Bb3 e4
15. Nd2 Nf6 16. Qb1 Re8 17. Rc5 Bd7 18. Re5 Qb4 19. Nxe4 Nxe4 20. Qxe4 Rxe5 21.
Qxe5 Re8 22. Qc5 Qxc5 23. dxc5 Re5 24. Rc1 Kf8 25. Kf1 Ke7 26. Ke2 Be6 27. Bxe6
Kxe6 28. b4 f5 29. Rc4 g5 30. Rd4 Re4 31. f3 Rxd4 32. exd4 Kd5 33. Kd3 h5 34.
g3 b5 35. cxb6 axb6 36. a4 1-0

[Event "Brackel 2- Godesberg"]
[Site "?"]
[Date "2022.10.16"]
[Round "3.1"]
[White "Grabowski, Pawel"]
[Black "Stemmler, Fabian"]
[Result "1/2-1/2"]
[WhiteElo "2196"]
[BlackElo "2107"]
[PlyCount "127"]
[SourceVersionDate "2023.06.22"]

1. d4 e6 2. Nf3 f5 3. g3 Nf6 4. Bg2 Be7 5. O-O O-O 6. c4 d6 7. Nc3 Ne4 8. Qc2
Nxc3 9. Qxc3 a5 10. b3 Nc6 11. Rb1 Bf6 12. Bb2 e5 13. Qd2 Qe8 14. e3 g5 15. Ne1
f4 16. exf4 gxf4 17. dxe5 dxe5 18. Nd3 Bf5 19. Bd5+ Kh8 20. Rbe1 Rd8 21. Nxf4
Nb4 22. Qe2 c6 23. Nh5 Nd3 24. Nxf6 Rxf6 25. Bg2 Nxe1 26. Qxe5 Qxe5 27. Bxe5
Re8 28. Bxf6+ Kg8 29. Bc3 Nxg2 30. Kxg2 Re2 31. Ra1 Be4+ 32. Kf1 Bd3 33. Kg2
Be4+ 34. Kg1 a4 35. Re1 Rxe1+ 36. Bxe1 axb3 37. axb3 b5 38. cxb5 cxb5 39. b4
Bf3 40. Bc3 Kf7 41. Kf1 Ke6 42. Ke1 Kf5 43. Kd2 Ke4 44. Bf6 Bg4 45. f4 Kf5 46.
Be7 Ke4 47. Bc5 h5 48. Be7 Kd4 49. Bg5 Ke4 50. Bh6 Kd4 51. Ke1 Ke3 52. f5+ Ke4
53. f6 Be6 54. Bg5 Kf5 55. Bh4 Kg6 56. Kf2 Bf5 57. Ke3 Be6 58. Kf4 Bh3 59. Bg5
Bg4 60. Ke5 Kf7 61. Be3 Bh3 62. Bd4 Bc8 63. Kf4 Kg6 64. Kf3 1/2-1/2

[Event "Brackel 2- Godesberg"]
[Site "?"]
[Date "2022.10.16"]
[Round "3.2"]
[White "Wensing, Maximilian"]
[Black "Koehler, Christian"]
[Result "1-0"]
[WhiteElo "2106"]
[BlackElo "2184"]
[PlyCount "71"]
[SourceVersionDate "2023.06.22"]

1. c4 f5 2. g3 Nf6 3. Bg2 g6 4. Nc3 Bg7 5. d4 O-O 6. Nf3 d6 7. O-O Qe8 8. Re1
Qf7 9. Qb3 h6 10. h4 Nc6 11. d5 Na5 12. Qa4 b6 13. Qc2 Bd7 14. b3 Ne4 15. Bb2
Nxc3 16. Bxc3 Bxc3 17. Qxc3 f4 18. e4 fxg3 19. fxg3 Bg4 20. Nd4 Qg7 21. Qe3 Rf7
22. e5 Raf8 23. Ne6 Bxe6 24. dxe6 Rf5 25. exd6 cxd6 26. Rac1 Rc8 27. g4 Re5 28.
Qd3 Nc6 29. Rf1 Nd8 30. Bd5 g5 31. h5 Kh8 32. Rce1 Rxe1 33. Rxe1 Nc6 34. Bxc6
Rxc6 35. Rf1 d5 36. Rf7 1-0

[Event "Brackel 2- Godesberg"]
[Site "?"]
[Date "2022.10.16"]
[Round "3.3"]
[White "Seger, Ruediger"]
[Black "Garbuz, Vitaliy"]
[Result "1/2-1/2"]
[WhiteElo "2264"]
[BlackElo "2138"]
[PlyCount "62"]
[SourceVersionDate "2023.06.22"]

1. e4 c5 2. b3 Nc6 3. Bb2 a6 4. f4 e6 5. Nf3 Nf6 6. e5 Nd5 7. g3 Be7 8. Nc3
Nxc3 9. Bxc3 b5 10. Bg2 Qb6 11. Qe2 Bb7 12. O-O Rc8 13. Qf2 O-O 14. d3 Qc7 15.
a4 Nb4 16. axb5 axb5 17. Bb2 c4 18. bxc4 bxc4 19. d4 Ra8 20. Ba3 c3 21. Bxb4
Bxb4 22. Ng5 Bxg2 23. Qxg2 Rxa1 24. Rxa1 h6 25. Nf3 Qc6 26. Qe2 Ra8 27. Rxa8+
Qxa8 28. Qd3 Qa1+ 29. Kg2 Qc1 30. h4 g6 31. Kh2 h5 1/2-1/2

[Event "Brackel 2- Godesberg"]
[Site "?"]
[Date "2022.10.16"]
[Round "3.4"]
[White "Gerlach, Felix"]
[Black "Rybarczyk, Klaus"]
[Result "1-0"]
[WhiteElo "2037"]
[BlackElo "2163"]
[PlyCount "67"]
[SourceVersionDate "2023.06.22"]

1. c4 Nf6 2. g3 g6 3. Bg2 Bg7 4. Nc3 O-O 5. e4 d6 6. Nge2 c5 7. O-O Nc6 8. d3
a6 9. h3 Ne8 10. Be3 Nd4 11. Rb1 Nc7 12. b4 Nce6 13. f4 Rb8 14. a4 Bd7 15. b5
axb5 16. axb5 Nxe2+ 17. Nxe2 Qb6 18. g4 Ra8 19. g5 Nd4 20. Bxd4 cxd4 21. Ra1
Ra5 22. Qc2 Rfa8 23. Qb2 Bc8 24. Rfb1 e5 25. Rf1 Be6 26. Rxa5 Rxa5 27. f5 Bxc4
28. dxc4 d3+ 29. Kh1 dxe2 30. Qxe2 Qd8 31. f6 Bf8 32. Qd2 Qc7 33. Rc1 Qc5 34.
Qxa5 1-0

[Event "Brackel 2- Godesberg"]
[Site "?"]
[Date "2022.10.16"]
[Round "3.5"]
[White "Schulte- Geers, Niklas"]
[Black "Kartsev, Nikolay"]
[Result "1/2-1/2"]
[WhiteElo "2175"]
[BlackElo "2074"]
[Annotator "daniel"]
[PlyCount "158"]
[SourceVersionDate "2023.06.22"]

1. d4 f5 2. c4 e6 3. Nf3 Nf6 4. g3 Be7 5. Bg2 O-O 6. O-O d6 7. b3 a5 8. Bb2 a4
9. Na3 c6 10. Nc2 Qe8 11. Qd3 Bd8 12. Ba3 Bc7 13. Nd2 Qg6 14. Rae1 Rd8 15. e4
f4 16. Qc3 e5 17. gxf4 exf4 18. Kh1 Qh6 19. Bf3 Qh4 20. Re2 Ng4 21. Bxg4 Bxg4
22. f3 Bh3 23. Rg1 Nd7 24. e5 Re8 25. e6 Nf6 26. Ne4 Rxe6 27. d5 Re5 28. Bb2
Nh5 29. Qe1 Qxe1 30. Rexe1 Rae8 31. Bxe5 Rxe5 32. Rg5 Bf5 33. Rg2 cxd5 34. cxd5
axb3 35. axb3 Rxd5 36. Ng5 Re5 37. Ra1 Re8 38. Nd4 Bd7 39. Ne4 Bb6 40. Rd1 d5
41. Nd6 Re3 42. Ra2 h6 43. Nxb7 Bh3 44. Rad2 Bxd4 45. Rxd4 Rxb3 46. Nc5 Rxf3
47. Rxd5 Nf6 48. R5d3 Bg4 49. Kg2 Rxd3 50. Rxd3 Kh7 51. Ra3 $11 g5 52. Ra6 Kg7
53. Ne6+ Kg6 54. Nd4 h5 55. Kf2 Bd7 56. Nf3 g4 57. Ne5+ Kf5 58. Rxf6+ Kxe5 59.
Rf8 h4 60. Rg8 Bf5 61. Rg7 Kf6 62. Ra7 Be4 63. Ra3 Ke5 64. Ra5+ Bd5 65. Ra3 Be4
66. Ra5+ Bd5 67. Ra3 h3 68. Ra7 Kf6 69. Ra5 Bg2 70. Rb5 Kg6 71. Ra5 Kf6 72. Rb5
Kg6 73. Ra5 Be4 74. Ra4 Kf5 75. Ra5+ Kf6 76. Ra4 Ke5 77. Ra5+ Bd5 78. Ra4 Bg2
79. Ra5+ Kf6 1/2-1/2